All the inhabited "Wadden" isles - Statistics

General Stats
  • This quiz has been taken 6 times
  • The average score is 10 of 19
Answer Stats
Country Answer % Correct
Netherlands Schiermonnikoog
100%
Netherlands Terschelling
100%
Netherlands Texel
100%
Netherlands Vlieland
100%
Netherlands Ameland
83%
Germany Borkum
67%
Germany Baltrum
50%
Germany Juist
50%
Germany Langeoog
50%
Germany Norderney
50%
Germany Spiekeroog
50%
Germany Wangerooge
50%
Germany Amrum
33%
Denmark Fanø
33%
Germany Föhr
33%
Germany Pellworm
33%
Denmark Mandø
17%
Germany Neuwerk
17%
Germany Halligen
0%
No matching quizzes found
Score Distribution
Percent of People with Each Score
Percentile by Number Answered
Your Score History
You have not taken this quiz